000 00471nam a2200193Ia 4500
003 GCL
008 140319s9999 xx 000 0 eng d
040 _aGCL /
_cGCL
082 0 4 _a746.92
_bW W
100 1 _aWORAM, CATHERINE
245 1 0 _aWEDDING DRESS STYLE /
_cWORAM, CATHERINE
260 _a[S.N] :
_bTHE APPLE PRESS ،
_c1993
300 _a128 P
650 0 4 _aTEXTILE
650 0 4 _aCOSTUMES
650 0 4 _aDRESSES
650 0 4 _aWEDDING DRESS
942 _2ddc
_cBK
999 _c21085
_d21085